000 00421nam a2200157Ia 4500
008 160316s1998 xxu||||| |||| 00| 0 eng d
082 _a344.030000
_bDES
100 _aDesai D A
245 _aSocial justice : A dialogue
250 _a
260 _aNew Delhi
_bRawat Publications
_c1998
300 _a155p
_b155p*
_c
365 _bRs.250
650 _a1.Social Justice - Major Issues - India
700 _aBhatt Narayan
_a
999 _c12988
_d12988